Geology and ore deposits of the Jerome area, Yavapoi County, Arizona, (Record no. 29263)

MARC details
000 -LEADER
fixed length control field 01132cam a22002771 4500
001 - CONTROL NUMBER
control field gs 58000208
003 - CONTROL NUMBER IDENTIFIER
control field DLC
005 - DATE AND TIME OF LATEST TRANSACTION
control field 20260227111406.0
008 - FIXED-LENGTH DATA ELEMENTS--GENERAL INFORMATION
fixed length control field 780715s1958 dcuab b f000 0 eng
010 ## - LIBRARY OF CONGRESS CONTROL NUMBER
LC control number gs 58000208
035 ## - SYSTEM CONTROL NUMBER
System control number (OCoLC)4055372
040 ## - CATALOGING SOURCE
Original cataloging agency DLC
Transcribing agency OClU
Modifying agency OCoLC
-- DLC
050 00 - LIBRARY OF CONGRESS CALL NUMBER
Classification number QE75
Item number .P9 no. 308
051 ## - LIBRARY OF CONGRESS COPY, ISSUE, OFFPRINT STATEMENT
Classification number QE86.Y3
Item number A63
082 ## - DEWEY DECIMAL CLASSIFICATION NUMBER
Classification number 557.91
100 1# - MAIN ENTRY--PERSONAL NAME
Personal name Anderson, Charles Alfred,
Dates associated with a name 1902-
245 00 - TITLE STATEMENT
Title Geology and ore deposits of the Jerome area, Yavapoi County, Arizona,
Statement of responsibility, etc. by C. A. Anderson and S. C. Creasey. With sections on the United Verde Extension mine, by G. W. H. Norman, and on the Cherry Creek mining district, by R. E. Lehner.
260 ## - PUBLICATION, DISTRIBUTION, ETC.
Place of publication, distribution, etc. Washington,
Name of publisher, distributor, etc. U.S. Govt. Print. Off.,
Date of publication, distribution, etc. 1958.
300 ## - PHYSICAL DESCRIPTION
Extent vi, 185 p.
Other physical details illus., maps.
Dimensions 29 cm.
410 20 - SERIES STATEMENT/ADDED ENTRY--CORPORATE NAME [OBSOLETE, CAN/MARC], [LOCAL, USA]
Corporate name or jurisdiction name as entry element Geological Survey (U.S.).
Title of a work Professional paper,
Volume number/sequential designation 308
500 ## - GENERAL NOTE
General note Part of illustrative matter folded and colored in pocket.
504 ## - BIBLIOGRAPHY, ETC. NOTE
Bibliography, etc. note Bibliography: p. 178-181.
650 #0 - SUBJECT ADDED ENTRY--TOPICAL TERM
Topical term or geographic name entry element Geology
Geographic subdivision Arizona
-- Yavapai County
650 #0 - SUBJECT ADDED ENTRY--TOPICAL TERM
Topical term or geographic name entry element Ore deposits
Geographic subdivision Arizona
-- Yavapai County
700 1# - ADDED ENTRY--PERSONAL NAME
Personal name Creasey, S. C.
Fuller form of name (Saville Cyrus),
Dates associated with a name 1917-
Relator term joint author.

No items available.

Powered by Koha